| 000 | 01741nam a2200337 a 4500 | ||
|---|---|---|---|
| 001 | BRCA_3205 | ||
| 005 | 20190320204149.0 | ||
| 008 | 200209s1749----enka---###---#000-0deng-u | ||
| 041 | _aeng | ||
| 044 | _aenk | ||
| 084 |
_a507 _b.I56 _c1749 |
||
| 100 | 1 |
_aCervantes Saavedra, Miguel de _d1547-1616 _9213 |
|
| 245 | 1 | 0 |
_aThe History of the Renowned Don Quixote de la Mancha _cWritten in Spanish by Miguel de Cervantes Saavedra. |
| 260 |
_aLondres _bW. Innys _c1749 |
||
| 300 |
_a4 v. _bil. _c14 cm. |
||
| 500 | _aContenido : v 1. Primera parte. Noticia sobre el autor. Prólogo del autor. Texto. -- v 2. Texto. -- v 3. Segunda parte. Prólogo del autor. Texto. -- v 4. Texto | ||
| 500 | _aEdición : Traslated by Several Hands and Published by late Mr. Motteux. Adorn´d with New Sculptures. The Eight Edition Revist a new, and Corrected rectify´d and Fill´d up, in Numberless Places, from the best Spanish Edition by Mr. Ozell | ||
| 500 | _aReproducción de la traducción de Motteux, publicada en 1725, por J. Knapton. Está adornada con las láminas de Vanderbank y Coypel. Impresión con tipos pequeños. Lomos y planos adornados con dorados Lúdovik Osterc | ||
| 500 | _aCon ex-libris de : Rob Shafto Benwell | ||
| 500 | _aQM411 | ||
| 546 | _aTexto en : inglés | ||
| 650 | 1 | 4 |
_aNovela española _yÉpoca clásica, 1500-1700 _9215 |
| 650 | 1 | 4 |
_aLiteratura española _yÉpoca clásica, 1500-1700 _9216 |
| 650 | 1 | 4 |
_aNovela española _ySiglo XVII _9217 |
| 650 | 1 | 4 |
_aDon Quijote (Personaje ficticio) _eNovela _9218 |
| 700 | 1 |
_aOzell, John _d?-1743 _eAnotador _98586 |
|
| 700 | 1 |
_aMotteux, Peter Anthony _d1663-1718 _eTraductor _98587 |
|
| 740 | 0 | _aEl Ingenioso Hidalgo Don Quijote de la Mancha | |
| 902 | _aQFM | ||
| 942 |
_2lcc _cB |
||
| 999 |
_c2941 _d2941 |
||